| 000 | 005450000a22001930004500 | ||
|---|---|---|---|
| 001 | 002455 | ||
| 003 | MACL | ||
| 005 | 20150919112111.0 | ||
| 008 | 150919b xxu||||| |||| 00| 0 eng d | ||
| 040 |
_aMACL _cMACL |
||
| 041 | _aEnglish | ||
| 082 | _a824/RUD | ||
| 100 |
_aRudolph, Lloyd I _911928 |
||
| 245 |
_aPostmodern Gandhi and Other Essays _bGandhi in the World and at Home, Second impression _cLloyd I Rudolph |
||
| 260 |
_aNew Delhi _c2007 _bOxford uni. Press, |
||
| 350 | _a575 | ||
| 650 |
_aEnglish Essay _98946 |
||
| 942 |
_k824 _cBK _2ddc |
||
| 999 |
_c14367 _d14367 |
||